LEADER 01384cam0-2200397---450- 001 990000943330203316 005 20100802101837.0 010 $a88-324-9430-3 035 $a0094333 035 $aUSA010094333 035 $a(ALEPH)000094333USA01 035 $a0094333 100 $a20020204d1990----km-y0ITAy01------ba 101 0 $aita 102 $aIT 105 $a||||||||001yy 200 1 $a<> disciplina delle locazioni commerciali$enegozi, magazzini, uffici, laboratori...$eaggiornata con tutte le nuove disposizioni di legge e con la giurisprudenza della Cassazione e della Corte Costituzionale$fFrancesco Tamborrino 205 $a13. ed. 210 $aMilano$cPirola$d1990 215 $a130 p$d24 cm 225 2 $aManuali di consulenza immobiliare$v6 410 $12001$aManuali di consulenza immobiliare$v6 606 0 $aLcazione$xGuide pratiche 676 $a346.450434 700 1$aTAMBORRINO,$bFrancesco$09567 801 $aIT$bsalbc$gISBD 912 $a990000943330203316 951 $aXXV.1.H. 613 (COLL. HRJ 6)$b71888 EC$cXXV.1.H. 613 (COLL. HRJ)$d00274466 959 $aBK 969 $aGIU 979 $aPATTY$b90$c20020204$lUSA01$h1717 979 $c20020403$lUSA01$h1737 979 $aPATRY$b90$c20040406$lUSA01$h1705 979 $aRSIAV4$b90$c20100802$lUSA01$h1018 996 $aDisciplina delle locazioni commerciali$91516774 997 $aUNISA LEADER 01579nam2-2200421---450- 001 990001794490203316 005 20090423165052.0 010 $a88-02-03642-X 035 $a000179449 035 $aUSA01000179449 035 $a(ALEPH)000179449USA01 035 $a000179449 100 $a20040625d1981----km-y0itay50------ba 101 0 $aita 102 $aIT 105 $a||||||||001yy 200 1 $a<<1.>> : <> scienza del diritto penale, relazioni e fonti del diritto penale, diritto transitorio, diritto penale internazionale, i soggetti, il reato, l'imputabilità$fVincenzo Manzini$ga cura del prof. Gian Domenico Pisapia 210 $aTorino$cUTET$dcopyr. 1981 215 $aXIX, 881 p.$d25 cm 461 1$1001000179447$aTrattato di diritto penale italiano 606 0 $aDiritto penale$xManuali 676 $a345 700 1$aMANZINI,$bVincenzo$0224785 702 1$aPISAPIA,$bGian Domenico 801 0$aIT$bsalbc$gISBD 912 $a990001794490203316 951 $aXXVI.1.B 8/1 (IX D 236 1)$b4425 L.M.$cIX D$d00207741 951 $aSANT.5 1 1$b147 DDPG$cSANT. 959 $aBK 969 $aGIU 969 $aDDPG 979 $aSIAV6$b10$c20040625$lUSA01$h1815 979 $aSIAV6$b10$c20040625$lUSA01$h1819 979 $aDDPG1$b90$c20061204$lUSA01$h1449 979 $aDDPG1$b90$c20061204$lUSA01$h1451 979 $aRSIAV3$b90$c20090423$lUSA01$h1650 996 $aScienza del diritto penale, relazioni e fonti del diritto penale, diritto transitorio, diritto penale internazionale, i soggetti, il reato, l'imputabilità$9951104 997 $aUNISA